Statistiken für Champions League Topscorer 1993/94

Klicken Sie hier um das Quiz zu spielen!

Allgemein

  • Dieses Quiz wurde 9 mal gespielt
  • Das Durchschnittsergebnis liegt bei 4 aus 21

Antwortstatistiken

RangNationVereinToreAntwort% Korrekt
3BulgarienBarcelona7Hristo Stoichkov
78%
7DeutschlandAS Monaco4Jürgen Klinsmann
67%
1NeuseelandWerder Bremen8Wynton Rufer
67%
7DeutschlandWerder Bremen4Marco Bode
56%
1NiederlandeBarcelona8Ronald Koeman
56%
7FrankreichAC Milan4Jean-Pierre Papin
44%
5DeutschlandWerder Bremen5Bernd Hobsch
11%
7ItalienAC Milan4Daniele Massaro
11%
15MontenegroAC Milan3Dejan Savicevic
11%
15NiederlandeAnderlecht3John Bosman
11%
3BelgienAnderlecht7Luc Nilis
11%
15NigeriaAS Monaco3Victor Ikpeba
11%
15FrankreichAS Monaco3Youri Djorkaeff
11%
15BelgienAnderlecht3Danny Boffin
0%
15PortugalFC Porto3Domingos Paciencia
0%
15PolenLech Poznan3Jerzy Podbrozny
0%
7SchweizGalatasaray4Kubilay Türkyilmaz
0%
7RusslandSpartak Moskva4Nikolay Pisarev
0%
7RusslandSpartak Moskva4Sergey Rodionov
0%
5RusslandSpartak Moskva5Valeriy Karpin
0%
7RusslandSpartak Moskva4Viktor Onopko
0%

Verteilung der Resultate

Perzentil nach korrekt beantworteten Fragen

Anzahl Personen mit jedem Resultat

Ihre Resultats-Entwicklung

Sie haben dieses Quiz noch nicht gespielt